natural history / (رقم التسجيلة. 47827)

تفاصيل مارك
000 -LEADER
fixed length control field 00377nam a22001577a 4500
005 - DATE AND TIME OF LATEST TRANSACTION
control field 20251108170734.0
008 - FIXED-LENGTH DATA ELEMENTS--GENERAL INFORMATION
fixed length control field 250721s1953 xx 000 0 eng d
082 14 - DEWEY DECIMAL CLASSIFICATION NUMBER
Classification number 616.91009/bur
100 1# - MAIN ENTRY--PERSONAL NAME
Personal name burnet, macfarlane
245 10 - TITLE STATEMENT
Title natural history /
264 1# - PRODUCTION, PUBLICATION, DISTRIBUTION, MANUFACTURE, AND COPYRIGHT NOTICE
Place of production, publication, distribution, manufacture london :
Name of producer, publisher, distributor, manufacturer cambridge,
Date of production, publication, distribution, manufacture, or copyright notice 1953.
300 ## - PHYSICAL DESCRIPTION
Extent 356 p.
650 17 - SUBJECT ADDED ENTRY--TOPICAL TERM
Topical term or geographic name as entry element contagion
942 ## - ADDED ENTRY ELEMENTS (KOHA)
Source of classification or shelving scheme Dewey Decimal Classification
Koha item type كتب
المقتنيات
حالة السحب حالة الفقدان مصدر التصنيف حالة التلف غير قابل للإعارة المكتبة الرئيسية المكتبة الحالية موقع الرف تاريخ التزويد الرقم المتسلسل Total Checkouts رقم الإستدعاء الباركود تاريخ آخر ظهور تاريخ الفاتورة نوع المادة (كوها)
    Dewey Decimal Classification     مكتبة البشائر للأطفال مكتبة البشائر للأطفال الإعارة 10/06/2015 496877   616.91009/bur PLD00330357 28/07/2025 10/06/2015 كتب
    Dewey Decimal Classification     مكتبة البشائر للأطفال مكتبة البشائر للأطفال الإعارة 10/06/2015 529204   616.91009/bur PLD00330367 28/07/2025 10/06/2015 كتب
Implemented & Customized by: BBB with SCIT (Smart Chains for Information Technology)

Powered by Koha